MARC

LEADER 00000nam0a2200000 4500
001 303174
005 20231102001557.0
020 |a RU  |b 83-24862 
035 |a (RuTPU)RU\TPU\book\328395 
090 |a 303174 
100 |a 20150831d1983 m y0rusy5003 ca 
101 0 |a rus 
102 |a RU 
105 |a a z 001zy 
200 1 |a Жизнь в веках : занимательное искусствознание  |f Б. И. Бродский 
210 |a Москва  |c Советский художник  |d 1983 
215 |a 255 с.  |c ил. 
225 1 |a Искусство: проблемы, история, практика 
320 |a Термины: с. 250-253 
320 |a Рекомендуемая литература: с. 254-255 
606 1 |a Искусствоведение  |2 stltpush  |3 (RuTPU)RU\TPU\subj\13198  |9 39849 
610 1 |a искусство 
610 1 |a история 
610 1 |a Древний мир 
610 1 |a архитектура 
610 1 |a скульптура 
610 1 |a Афины 
610 1 |a персидская архитектура 
610 1 |a Древний Египет 
610 1 |a скульпторы 
610 1 |a статуи 
675 |a 7.072  |v 4 
700 1 |a Бродский  |b Б. И.  |g Борис Ионович 
801 0 |a RU  |b RuMRKP  |c 19950704  |g psbo 
801 1 |a RU  |b 63413507  |c 20150831 
801 2 |a RU  |b 63413507  |c 20170816  |g RCR 
942 |c BK